000 00715nam0a22002291 4500
001 rc\378573
005 20250621060350.0
035 _a(NLR Aleph) 005610290
090 _a6406103
_c6406103
100 _a20030307d1989 |||y0rusy50 ca
101 0 _arus
102 _aRU
105 _aa |||||||||
200 1 _aКаникулы
_e[Для сред. шк. возраста]
_fБ. Ортыков
_g[Перевод Ю. Смирнова
_gХудож. Ф. Негматзаде]
210 _aДушанбе
_cАдиб
_d1989
215 _a39, [1] с.
_cил.
_d20
700 1 _aОртыков
_bБ.
_gБолта
801 0 _aRU
_bNLR
_gpsbo
801 1 _aRU
_bELAR
_2rusmarc
852 _aNLR
_j89-4/7746
942 _cBOOK
980 _aNB